Animaux, de A à Z - Statistiques

Statistiques générales
  • Ce quiz a été pris 166 fois
  • Le résultat moyen est 15 sur 26
Statistiques - réponses
Indices Réponses % Correct
Espèce de serpent dont les plus grands peuvent mesurer 6 mètres et peser 200 kgs Anaconda
96%
Mammifère aquatique doté d'un corps fuselé, particulièrement sociable et intelligent Dauphin
88%
Petit rongeur grimpeur, peut être roux ou même volant Écureuil
88%
Grand bovidé barbu qui peut renseigner sur le trafic s'il est futé Bison
84%
Marsupial dont les femelles abritent les petits dans leurs poches Kangourou
82%
3ème plus gros des félins pouvant atteindre la vitesse de 80 km/h Jaguar
81%
Espèce d'Amérique du Sud qui se défend en crachant s'il se sent menacé Lama
78%
Rapace nocture disposant de la faculté de tourner la tête à 270 degrés Hibou
76%
Oiseau connu pour séduire en faisant la roue, dévoilant ainsi un éventail multicolore Paon
76%
Bien qu'on y ait tous cru enfants, il ne s'agit pas d'un cheval en pyjama rayé Zèbre
73%
Surnommé licorne des mers du fait de sa defense en spirale qui est en fait da dent gauche Narval
71%
Elle est géante aux Galapagos Tortue
65%
Type d'araignée qui pourrait porter le deuil ou jouer dans un Marvel Veuve noire
62%
Ruminant domestique à longue toison, se trouve en Asie et particulièrement au Tibet Yack
59%
Petit mammifère vivant dans les milieux arides, surnommé sentinelle du désert du fait de la posture levée qu'il adopte parfois Suricate
55%
Herbivores faisant partie des plus grands cervidés au monde Wapiti
51%
Gros rongeur reconnaissable à ses 4 incisives orange, pese aux alentours de 7 kgs Ragondin
48%
Insecte au corps aplati, muni d'antennes, dont la femelle peut pondre jusqu'à 100000 oeufs durant sa vie Cafard
47%
L'un des plus grands carnivore terrestre résidant en Arctique, a attaqué les survivants dans la série Lost Ours blanc
46%
Oiseau emblématique du Costa Rica et de la forêt tropicale Quetzal
43%
Oiseau échassier à long cou et au bec recourbé Ibis
40%
Primate très présent en Asie, peut être agressif malgré son intelligence Macaque
39%
Ruminant à la fine silhouette qui peut apercevoir un prédateur à 300m Gazelle
36%
Mammifère dont l'espèce est particulièrement menacée du fait de ma déforestation, strictement insectivore Fourmilier
31%
Mouton sauvage d'Asie, se distingue par ses longues cornes recourbées Urial
4%
Appellé Titiponamu en Maori, cette espèce de passereau est endémique de la Nouvelle Zélande Xenique
2%
Aucun quiz correspondant
Distribution des résultats
% des personnes avec chaque résultat
Percentile par nombre de réponses
Votre historique - résultats
Vous n’avez pas pris ce quiz